ZC2 (Record no. 114591)

MARC details
000 -LEADER
fixed length control field 00900cad a22002175a 4500
001 - CONTROL NUMBER
control field L157093
008 - FIXED-LENGTH DATA ELEMENTS--GENERAL INFORMATION
fixed length control field 120829s2011 xxk f 000 0 eng d
020 ## - INTERNATIONAL STANDARD BOOK NUMBER
International Standard Book Number 9871842197141
035 ## - SYSTEM CONTROL NUMBER
System control number (Sirsi) u157093
041 0# - LANGUAGE CODE
Language code of text/sound track or separate title eng
100 1# - MAIN ENTRY--PERSONAL NAME
Personal name Rydin, Yvonne
245 00 - TITLE STATEMENT
Title ZC2
Remainder of title the 2010 RICS Global Zero Carbon Capacity Index
-- incorporating comparison with results for 2008 and 2009
Medium [electronic resource]
260 ## - PUBLICATION, DISTRIBUTION, ETC.
Place of publication, distribution, etc. London
Name of publisher, distributor, etc. RICS
Date of publication, distribution, etc. 2011
490 #0 - SERIES STATEMENT
Series statement RICS Research
520 ## - SUMMARY, ETC.
Summary, etc. The Global Zero Carbon Capacity Index (or ZC2 Index) measures the performance of a global sample of countries in making progress towards zero carbon built environments.
651 #4 - SUBJECT ADDED ENTRY--GEOGRAPHIC NAME
Geographic name International
690 ## - LOCAL SUBJECT ADDED ENTRY--TOPICAL TERM (OCLC, RLIN)
Topical term or geographic name as entry element Energy
9 (RLIN) 6237
700 1# - ADDED ENTRY--PERSONAL NAME
Personal name Austin, Patrick
856 40 - ELECTRONIC LOCATION AND ACCESS
Uniform Resource Identifier <a href="https://www.rics.org/Global/Downloads/Global_Zero_Carbon_Index_220911_dwl_aj.pdf">https://www.rics.org/Global/Downloads/Global_Zero_Carbon_Index_220911_dwl_aj.pdf</a>
Public note View the main report free of charge at www.rics.org
942 ## - ADDED ENTRY ELEMENTS (KOHA)
Suppress in OPAC 0
Holdings
Withdrawn status Lost status Source of classification or shelving scheme Damaged status Not for loan Home library Current library Shelving location Date acquired Total Checkouts Full call number Barcode Date last seen Copy number Price effective from Koha item type
    Dewey Decimal Classification     Virtual Virtual Online 29/08/2012   ONLINE PUBLICATION 157093-2001 06/08/2019 1 06/08/2019 Book